| 000 | 00975nac a22002171u 4500 | ||
|---|---|---|---|
| 008 | 100902t xxu||||| |||| 00| 0 eng d | ||
| 010 | _a 94041546 | ||
| 020 | _a0824789156 (alk. paper) | ||
| 082 | 0 | 0 |
_a621.46 _bELE |
| 245 | 0 | 0 |
_aHandbook of Electric Motors / _cEdited by Richard H. Engelmann, William H. Middendorf. |
| 260 |
_aNew York : _bM. Dekker, _cc1995. |
||
| 300 |
_ax, 801 p. : _bill. ; _c29 cm. |
||
| 490 |
_917801 _aElectrical Engineering and Electronics ; _n92 |
||
| 504 | _aIncludes bibliographical references and index. | ||
| 650 | 0 |
_aElectric motors _xHandbooks, manuals, etc. _917802 |
|
| 650 | 0 |
_aElectric driving _xHandbooks, manuals, etc. _917803 |
|
| 700 | 1 |
_aEngelmann, Richard H., _d1923- _917804 |
|
| 700 | 1 |
_aMiddendorf, William H. _917805 |
|
| 942 |
_cREFERENCE _k621.46 ELE _2ddc |
||
| 999 |
_c4096 _d4096 |
||